00514nam a22001817a 45000050016000000100014000160200025000300200022000550350013000770370013000900820011001031000017001142450076001312600035002072700047002423000022002897000021003112010072205365.0 aENG-97340 c35.00a9788183600354 c35.00a8183600352 aEN-80873 bDBAD/PUB a693.71 aRamu, K.L.V. aSteel tables /cby K.L.V. Ramu ; revised and updated by Subhash Chander aNew DelhibJain Brothersc2006 bNew Delhie110056aE-41, New Multan Nagar, a124p.c24cm (pbk) aChander, Subhash